Φορτώνει......

Themes in Modern European History since 1945.

Λεπτομέρειες βιβλιογραφικής εγγραφής
Μορφή: Printed Book
Έκδοση: New York. Routledge 2003
Θέματα:
LEADER 00573nam a22001577a 4500
020 |a 9780415219884 
082 |a 940.55  |b THE 
245 |a Themes in Modern European History since 1945. 
260 |a New York.  |b Routledge  |c 2003 
300 |a 273p. 
650 |a Europe-Politics and Government-1945. 
650 |a Europe-Economic Conditions-1945 
650 |a Europe-Intellectual Life-20th century 
942 |c BK 
999 |c 34558  |d 34558 
952 |0 0  |1 0  |4 0  |6 940_550000000000000_THE  |7 0  |8 Stack  |9 36568  |a KUCL  |b KUCL  |c Stack  |d 2015-09-04  |l 2  |o 940.55 THE  |p 32900  |r 2016-11-01  |s 2016-09-27  |w 2015-09-04  |y BK